| 000 | 00475nam a2200181Ia 4500 | ||
|---|---|---|---|
| 008 | 160319s9999 xx 000 0 und d | ||
| 245 | _aPlanets: | ||
| 245 | _bstar, atmosphere, life, destiny / | ||
| 245 | _ca BBC/A & E network co-production. | ||
| 260 | _bBBC Worldwide Inc. | ||
| 260 | _c2009 | ||
| 300 | _avideodisc : | ||
| 300 | _bdigital, sound, color ; | ||
| 300 | _c4 3/4 in. | ||
| 650 | _aEarth (Planet) | ||
| 650 | _aPlanets. | ||
| 650 | _aSolar system. | ||
| 999 |
_c292512 _d292512 |
||